| 000 | 00959nam a22002897i 4500 | ||
|---|---|---|---|
| 003 | EG-ScBUE | ||
| 005 | 20230511111441.0 | ||
| 008 | 200219s2005 enka f 000 0 eng d | ||
| 020 | _a9781900828277 | ||
| 020 | _a1900828278 | ||
| 040 |
_aEG-ScBUE _beng _erda _cEG-ScBUE _dEG-ScBUE |
||
| 082 | 0 | 4 |
_222 _a770.92 _bGRE |
| 100 | 1 |
_aGreer, Fergus, _eauthor. |
|
| 245 | 1 | 0 |
_aLeigh Bowery looks / _cFergus Greer ; Foreword by Mariuccia Casadio, Vogue Italia. |
| 264 | 1 |
_aLondon : _bViolette Editions, _c2005. |
|
| 300 |
_a175 pages : _bcolor illustrations ; _c20 cm |
||
| 336 |
_2rdacontent _atext _btxt |
||
| 337 |
_2rdamedia _aunmediated _bn |
||
| 338 |
_2rdacarrier _avolume _bnc |
||
| 650 | 7 |
_aPortrait photography. _2BUEsh |
|
| 650 | 7 |
_aBowery, Leigh. _2BUEsh |
|
| 653 |
_bART _cMay2023 |
||
| 655 | _vReading book | ||
| 700 | 1 |
_aCasadio, Mariuccia, _eauthor of introduction, etc. |
|
| 700 | 1 |
_aItalia, Vogue, _eauthor of introduction, etc. |
|
| 942 |
_2ddc _cBB |
||
| 999 |
_c30334 _d30305 |
||